[Event "Bundesliga 9495"]
[Site "Deutschland"]
[Date "1994.??.??"]
[Round "?.8"]
[White "Seul, Georg"]
[Black "Machelett, Heiko"]
[Result "1-0"]
[WhiteElo "2435"]
[BlackElo "2240"]
[PlyCount "105"]
[EventDate "1994.10.??"]
[EventType "team"]
[EventRounds "15"]
[EventCountry "GER"]
[SourceTitle "Bundesliga 9495"]
[Source "DeepChess"]
[SourceDate "2005.01.01"]
[SourceVersion "1"]
[SourceVersionDate "2005.01.01"]
[SourceQuality "1"]
[WhiteTeam "SG 1868 Aljech. Solingen"]
[BlackTeam "SV Erfurt West 90"]
[WhiteTeamCountry "GER"]
[BlackTeamCountry "GER"]

1. g3 g6 2. Bg2 Bg7 3. e4 d6 4. d4 Nf6 5. Nc3 O-O 6. Nge2 e5 7. h3 Nc6 8. Be3
Bd7 9. O-O Re8 10. dxe5 Nxe5 11. b3 Qc8 12. g4 h5 13. g5 Bxh3 14. gxf6 Bxg2 15.
Kxg2 Bxf6 16. f3 Bg7 17. Qd2 f5 18. Rae1 Kh7 19. exf5 Qxf5 20. Ng3 Qd7 21. Nce4
d5 22. Ng5+ Kg8 23. Bd4 h4 24. Qf4 Nxf3 25. Nxf3 hxg3 26. Bxg7 Qxg7 27. Qxg3 c6
28. Ne5 Re6 29. Rf7 Qh6 30. Rh1 Qd2+ 31. Rf2 Qd4 32. Qf3 Qe4 33. Qxe4 dxe4 34.
Ng4 Kg7 35. Re1 Rd8 36. Re3 g5 37. Rfe2 Rd1 38. Nf2 Ra1 39. a4 b5 40. axb5 cxb5
41. Rxe4 Rxe4 42. Nxe4 Kg6 43. Kf3 a5 44. Rg2 b4 45. Rxg5+ Kf7 46. Nc5 Ra2 47.
Rg2 Ke7 48. Ke4 Kd6 49. Kd4 Kc6 50. Kc4 Kb6 51. Rg6+ Kc7 52. Kb5 Rxc2 53. Rc6+
1-0

[Event "Bundesliga 9495"]
[Site "Deutschland"]
[Date "1995.??.??"]
[Round "?.1"]
[White "Schmittdiel, Eckhard"]
[Black "Adams, Michael"]
[Result "1/2-1/2"]
[WhiteElo "2485"]
[BlackElo "2655"]
[PlyCount "68"]
[EventDate "1994.10.??"]
[EventType "team"]
[EventRounds "15"]
[EventCountry "GER"]
[SourceTitle "Bundesliga 9495"]
[Source "DeepChess"]
[SourceDate "2005.01.01"]
[SourceVersion "1"]
[SourceVersionDate "2005.01.01"]
[SourceQuality "1"]
[WhiteTeam "SV Tuebingen 1870 e.V."]
[BlackTeam "SG 1868 Aljech. Solingen"]
[WhiteTeamCountry "GER"]
[BlackTeamCountry "GER"]

1. e4 c6 2. Nc3 d5 3. g3 dxe4 4. Nxe4 Nd7 5. Bg2 Ngf6 6. Nxf6+ Nxf6 7. Nf3 Bf5
8. O-O e6 9. d3 h6 10. b3 Bc5 11. Bb2 O-O 12. Qe2 a5 13. a4 Bg4 14. Rad1 Bd4
15. Ba3 Re8 16. h3 Bxf3 17. Qxf3 Qc7 18. Bc1 Rad8 19. Bd2 Nd5 20. Kh2 Qb6 21.
Rde1 Qc5 22. Qe2 b6 23. c4 Ne7 24. Rb1 Qe5 25. Qxe5 Bxe5 26. b4 Rxd3 27. Be3
Bd6 28. bxa5 bxa5 29. Rfd1 Rxd1 30. Rxd1 Rd8 31. Kg1 Bc7 32. Rxd8+ Bxd8 33. Bc5
f5 34. Bxe7 Bxe7 1/2-1/2

[Event "Bundesliga 9495"]
[Site "Deutschland"]
[Date "1995.??.??"]
[Round "?.2"]
[White "Chandler, Murray G"]
[Black "Horvath, Tamas"]
[Result "1/2-1/2"]
[WhiteElo "2535"]
[BlackElo "2410"]
[PlyCount "93"]
[EventDate "1994.10.??"]
[EventType "team"]
[EventRounds "15"]
[EventCountry "GER"]
[SourceTitle "Bundesliga 9495"]
[Source "DeepChess"]
[SourceDate "2005.01.01"]
[SourceVersion "1"]
[SourceVersionDate "2005.01.01"]
[SourceQuality "1"]
[WhiteTeam "SG 1868 Aljech. Solingen"]
[BlackTeam "SV Tuebingen 1870 e.V."]
[WhiteTeamCountry "GER"]
[BlackTeamCountry "GER"]

1. e4 c5 2. Nf3 e6 3. d4 cxd4 4. Nxd4 Nf6 5. Nc3 Nc6 6. Nxc6 bxc6 7. e5 Nd5 8.
Ne4 Qc7 9. f4 Qa5+ 10. c3 Ba6 11. Bxa6 Qxa6 12. Qe2 Qxe2+ 13. Kxe2 f5 14. Nf2
d6 15. Nd3 c5 16. c4 Nb6 17. exd6 Nxc4 18. Nxc5 Kf7 19. b3 Nb6 20. Bb2 Bxd6 21.
Nd3 Nd5 22. g3 Rhd8 23. Rac1 a5 24. Rc4 Nb4 25. Ne5+ Bxe5 26. Bxe5 Rd7 27. Rd1
Nd5 28. Kf3 Rb7 29. h3 h5 30. Rdc1 Rd8 31. Rd4 Ra8 32. Rdc4 Rba7 33. Rc8 Rxc8
34. Rxc8 a4 35. Bd4 Rb7 36. bxa4 Rb4 37. Be5 Rxa4 38. Rc2 Ra3+ 39. Kf2 h4 40.
gxh4 Rxh3 41. Rb2 Nf6 42. Rb7+ Kg6 43. Re7 Ra3 44. Rxe6 Rxa2+ 45. Kf3 Ra3+ 46.
Kg2 Ra2+ 47. Kh3 1/2-1/2

[Event "Bundesliga 9495"]
[Site "Deutschland"]
[Date "1995.??.??"]
[Round "?.3"]
[White "Kraut, Rainer"]
[Black "Lau, Ralf"]
[Result "1-0"]
[WhiteElo "2420"]
[BlackElo "2490"]
[PlyCount "105"]
[EventDate "1994.10.??"]
[EventType "team"]
[EventRounds "15"]
[EventCountry "GER"]
[SourceTitle "Bundesliga 9495"]
[Source "DeepChess"]
[SourceDate "2005.01.01"]
[SourceVersion "1"]
[SourceVersionDate "2005.01.01"]
[SourceQuality "1"]
[WhiteTeam "SV Tuebingen 1870 e.V."]
[BlackTeam "SG 1868 Aljech. Solingen"]
[WhiteTeamCountry "GER"]
[BlackTeamCountry "GER"]

1. e4 d5 2. exd5 Qxd5 3. Nc3 Qa5 4. d4 c6 5. Bc4 Nf6 6. Bd2 Bf5 7. Nf3 e6 8.
Qe2 Bb4 9. a3 Nbd7 10. O-O-O Bxc3 11. Bxc3 Qc7 12. Ne5 b5 13. Bb3 Be4 14. Rhe1
Nb6 15. Bb4 Bd5 16. Bxd5 Nbxd5 17. Bc5 Rc8 18. g3 Nb6 19. b3 Nbd7 20. Nxd7 Nxd7
21. Qg4 Nxc5 22. Qxg7 Nxb3+ 23. cxb3 Rf8 24. Kb2 Qe7 25. f4 f5 26. Qe5 Kf7 27.
g4 Qf6 28. gxf5 exf5 29. Qc5 Rfe8 30. Re5 Kg8 31. Rg1+ Kh8 32. Qxa7 c5 33. Qd7
Red8 34. Qxf5 Qxf5 35. Rxf5 cxd4 36. Rd1 Re8 37. Rd2 Re4 38. Rd5 Rxf4 39. R5xd4
Rxd4 40. Rxd4 Rc5 41. h4 Kg7 42. Rd6 Rh5 43. Rb6 Kf7 44. Kc3 Ke7 45. Kb4 Kd7
46. Rxb5 Rxh4+ 47. Ka5 Rh3 48. a4 h5 49. b4 h4 50. Rh5 Rh1 51. Kb6 h3 52. Rh7+
Kd6 53. a5 1-0

[Event "Bundesliga 9495"]
[Site "Deutschland"]
[Date "1995.??.??"]
[Round "?.4"]
[White "Podzielny, Karl Heinz"]
[Black "Palkovi, Jozsef"]
[Result "1/2-1/2"]
[WhiteElo "2455"]
[BlackElo "2420"]
[PlyCount "106"]
[EventDate "1994.10.??"]
[EventType "team"]
[EventRounds "15"]
[EventCountry "GER"]
[SourceTitle "Bundesliga 9495"]
[Source "DeepChess"]
[SourceDate "2005.01.01"]
[SourceVersion "1"]
[SourceVersionDate "2005.01.01"]
[SourceQuality "1"]
[WhiteTeam "SG 1868 Aljech. Solingen"]
[BlackTeam "SV Tuebingen 1870 e.V."]
[WhiteTeamCountry "GER"]
[BlackTeamCountry "GER"]

1. Nf3 Nf6 2. g3 b5 3. Bg2 Bb7 4. O-O e6 5. a4 b4 6. d3 d5 7. Nbd2 Nbd7 8. Re1
Nc5 9. a5 Rb8 10. c3 bxc3 11. bxc3 Be7 12. c4 O-O 13. Ba3 dxc4 14. Nxc4 Bc6 15.
Bxc5 Bxc5 16. Qc2 Ng4 17. e3 Qf6 18. Qe2 Bb4 19. Rec1 Bd5 20. d4 Qe7 21. h3 Nf6
22. Nfe5 Bxg2 23. Kxg2 c5 24. Qf3 Rbc8 25. dxc5 Bxc5 26. Nc6 Qc7 27. N4e5 Bd6
28. Nd3 Qd7 29. Nf4 Rc7 30. Rc4 Rfc8 31. Rac1 h6 32. a6 Bxf4 33. gxf4 Nd5 34.
Ne5 Qe7 35. Rxc7 Rxc7 36. Rb1 Qa3 37. Rb8+ Kh7 38. Qe4+ f5 39. Qf3 Qxa6 40. Qh5
Ne7 41. Qf7 Rc1 42. Nf3 Rc8 43. Rb1 Ng6 44. Rb7 Rg8 45. h4 Qc6 46. Kg3 e5 47.
h5 exf4+ 48. exf4 Nxf4 49. Qxf5+ Kh8 50. Rb2 Qf6 51. Rb5 Ne2+ 52. Kh3 Nf4+ 53.
Kg4 a6 1/2-1/2

[Event "Bundesliga 9495"]
[Site "Deutschland"]
[Date "1995.??.??"]
[Round "?.5"]
[White "Zeller, Frank"]
[Black "Reeh, Oliver"]
[Result "1-0"]
[WhiteElo "2350"]
[BlackElo "2450"]
[PlyCount "174"]
[EventDate "1994.10.??"]
[EventType "team"]
[EventRounds "15"]
[EventCountry "GER"]
[SourceTitle "Bundesliga 9495"]
[Source "DeepChess"]
[SourceDate "2005.01.01"]
[SourceVersion "1"]
[SourceVersionDate "2005.01.01"]
[SourceQuality "1"]
[WhiteTeam "SV Tuebingen 1870 e.V."]
[BlackTeam "SG 1868 Aljech. Solingen"]
[WhiteTeamCountry "GER"]
[BlackTeamCountry "GER"]

1. e4 d6 2. c4 c5 3. Ne2 g6 4. d4 Bg7 5. d5 Nf6 6. Ng3 O-O 7. Bd3 e6 8. O-O
exd5 9. exd5 Nbd7 10. Nc3 Ne8 11. f4 Bxc3 12. bxc3 f5 13. Bd2 Ng7 14. Nh1 Nf6
15. Nf2 Re8 16. Qf3 Bd7 17. h3 Re7 18. g4 Qc7 19. g5 Nfh5 20. Kh2 Rae8 21. Qd1
Qc8 22. Rb1 b6 23. a4 Qc7 24. Qb3 Qd8 25. Rb2 Rf8 26. Ra2 Qe8 27. Qd1 Qd8 28.
Qb1 h6 29. h4 hxg5 30. hxg5 Ne8 31. Ra1 Nc7 32. Qa2 Rfe8 33. a5 Rh7 34. Kg2
bxa5 35. Qxa5 a6 36. Qb6 Bc8 37. Qc6 Ne6 38. Kf3 Bb7 39. Qa4 Ree7 40. Rab1 Nf8
41. Qb3 Re8 42. Rh1 Bc8 43. Qb6 Qxb6 44. Rxb6 Rd8 45. Rhb1 Rc7 46. Bc2 Ng7 47.
Nd1 Ne8 48. Ba4 Kf7 49. Ne3 Nd7 50. Rc6 Ra7 51. Rh1 Kg7 52. Bc2 Nf8 53. Rb1 Bd7
54. Rbb6 a5 55. Bc1 Bxc6 56. dxc6 Nc7 57. Nd5 Nfe6 58. Ba4 Rh8 59. Be3 Kf7 60.
Nf6 Ke7 61. Kg3 Rc8 62. Rb1 Kf7 63. Rd1 Rd8 64. Nd7 Ke7 65. Rh1 Kf7 66. Rd1
Rxd7 67. cxd7 Ke7 68. d8=Q+ Nxd8 69. Bxc5 dxc5 70. Rd7+ Ke6 71. Rxd8 Ra8 72.
Rd7 Ne8 73. Kf3 Nd6 74. Rg7 Ne4 75. Bc6 Rh8 76. Bd5+ Kd6 77. Rxg6+ Kc7 78. Bxe4
fxe4+ 79. Kxe4 Ra8 80. Kd3 a4 81. Kc2 a3 82. Kb1 Ra4 83. f5 Rxc4 84. f6 Rf4 85.
Ka2 Rf3 86. Kxa3 Rxc3+ 87. Ka4 Rf3 1-0

[Event "Bundesliga 9495"]
[Site "Deutschland"]
[Date "1995.??.??"]
[Round "?.6"]
[White "Schaefer, Markus"]
[Black "Werner, Marc"]
[Result "1/2-1/2"]
[WhiteElo "2435"]
[BlackElo "2360"]
[PlyCount "54"]
[EventDate "1994.10.??"]
[EventType "team"]
[EventRounds "15"]
[EventCountry "GER"]
[SourceTitle "Bundesliga 9495"]
[Source "DeepChess"]
[SourceDate "2005.01.01"]
[SourceVersion "1"]
[SourceVersionDate "2005.01.01"]
[SourceQuality "1"]
[WhiteTeam "SG 1868 Aljech. Solingen"]
[BlackTeam "SV Tuebingen 1870 e.V."]
[WhiteTeamCountry "GER"]
[BlackTeamCountry "GER"]

1. e4 c5 2. Nf3 d6 3. d4 cxd4 4. Nxd4 Nf6 5. Nc3 Nc6 6. Be3 Ng4 7. Bg5 h6 8.
Bh4 g5 9. Bg3 Bg7 10. Nb3 Be6 11. Qd2 a6 12. h4 gxh4 13. Bxh4 Rc8 14. f4 Qb6
15. Rh3 h5 16. O-O-O Bh6 17. Kb1 Qb4 18. a3 Qb6 19. Nd5 Bxd5 20. exd5 Nce5 21.
Nd4 Ng6 22. Rb3 Qc7 23. Bg5 Bxg5 24. fxg5 N6e5 25. g3 Qd7 26. Qb4 Rc7 27. Be2
h4 1/2-1/2

[Event "Bundesliga 9495"]
[Site "Deutschland"]
[Date "1995.??.??"]
[Round "?.7"]
[White "Dutschak, Hauke"]
[Black "Zysk, Robert"]
[Result "1/2-1/2"]
[WhiteElo "2240"]
[BlackElo "2450"]
[PlyCount "47"]
[EventDate "1994.10.??"]
[EventType "team"]
[EventRounds "15"]
[EventCountry "GER"]
[SourceTitle "Bundesliga 9495"]
[Source "DeepChess"]
[SourceDate "2005.01.01"]
[SourceVersion "1"]
[SourceVersionDate "2005.01.01"]
[SourceQuality "1"]
[WhiteTeam "SV Tuebingen 1870 e.V."]
[BlackTeam "SG 1868 Aljech. Solingen"]
[WhiteTeamCountry "GER"]
[BlackTeamCountry "GER"]

1. e4 g6 2. d4 d6 3. Nc3 c6 4. f4 d5 5. Nf3 Bg4 6. Be2 e6 7. Be3 h5 8. O-O Nd7
9. Ne5 Bxe2 10. Qxe2 dxe4 11. Nxe4 Be7 12. Rad1 Qc7 13. c4 Ndf6 14. Nxf7 Kxf7
15. Ng5+ Ke8 16. Nxe6 Qd7 17. d5 Nh6 18. Bd4 Kf7 19. Ng5+ Kf8 20. d6 Bd8 21.
Ne6+ Kf7 22. Ng5+ Kf8 23. Ne6+ Kf7 24. Ng5+ 1/2-1/2

[Event "Bundesliga 9495"]
[Site "Deutschland"]
[Date "1995.??.??"]
[Round "?.8"]
[White "Seul, Georg"]
[Black "Foessmeier, Ulrich"]
[Result "1/2-1/2"]
[WhiteElo "2440"]
[BlackElo "2310"]
[PlyCount "89"]
[EventDate "1994.10.??"]
[EventType "team"]
[EventRounds "15"]
[EventCountry "GER"]
[SourceTitle "Bundesliga 9495"]
[Source "DeepChess"]
[SourceDate "2005.01.01"]
[SourceVersion "1"]
[SourceVersionDate "2005.01.01"]
[SourceQuality "1"]
[WhiteTeam "SG 1868 Aljech. Solingen"]
[BlackTeam "SV Tuebingen 1870 e.V."]
[WhiteTeamCountry "GER"]
[BlackTeamCountry "GER"]

1. e4 e5 2. Nc3 Nf6 3. g3 d5 4. exd5 Nxd5 5. Bg2 Nxc3 6. bxc3 Bd6 7. d3 O-O 8.
Nf3 Nd7 9. O-O c6 10. Re1 Qc7 11. Bb2 Rb8 12. c4 f6 13. Bc3 Nc5 14. a4 Bg4 15.
a5 Rbd8 16. Qb1 Rfe8 17. Nd2 Bf5 18. Bb4 Bf8 19. Qb2 Rb8 20. Qa3 Ne6 21. Bxf8
Rxf8 22. Nb3 b5 23. axb6 axb6 24. c5 b5 25. Qb4 Ra8 26. h4 Rfc8 27. Ra3 Rxa3
28. Qxa3 Qd7 29. Qa6 Nd8 30. Ra1 Be6 31. Nd2 Bd5 32. Ne4 Rb8 33. Qa7 Qxa7 34.
Rxa7 Ne6 35. Bh3 b4 36. Bxe6+ Bxe6 37. Nd6 h5 38. Kf1 b3 39. cxb3 Rxb3 40. Ke2
Rc3 41. Ra5 Rc2+ 42. Ke3 Kh7 43. Ra7 Kg6 44. f3 Rg2 45. Ne8 1/2-1/2

[Event "Bundesliga 9495"]
[Site "Deutschland"]
[Date "1994.??.??"]
[Round "?.2"]
[White "Glek, Igor V"]
[Black "Hort, Vlastimil"]
[Result "1/2-1/2"]
[WhiteElo "2615"]
[BlackElo "2555"]
[PlyCount "60"]
[EventDate "1994.10.??"]
[EventType "team"]
[EventRounds "15"]
[EventCountry "GER"]
[SourceTitle "Bundesliga 9495"]
[Source "DeepChess"]
[SourceDate "2005.01.01"]
[SourceVersion "1"]
[SourceVersionDate "2005.01.01"]
[SourceQuality "1"]
[WhiteTeam "SG Bochum 31"]
[BlackTeam "SG Porz e.V."]
[WhiteTeamCountry "GER"]
[BlackTeamCountry "GER"]

1. e4 e5 2. Nf3 Nf6 3. Nc3 Nc6 4. g3 d5 5. exd5 Nxd5 6. Bg2 Nxc3 7. bxc3 Bd6 8.
O-O O-O 9. Rb1 Re8 10. d4 h6 11. Re1 exd4 12. Rxe8+ Qxe8 13. cxd4 b6 14. Rb3
Bb7 15. Re3 Qf8 16. Nd2 Rd8 17. Bb2 Bb4 18. c3 Ba3 19. Bxa3 Qxa3 20. Qb1 Na5
21. d5 Ba6 22. Qe1 Nc4 23. Nxc4 Bxc4 24. Re8+ Rxe8 25. Qxe8+ Qf8 26. Qc6 Qc5
27. Qa8+ Kh7 28. h4 Bxa2 29. Qxa7 Bxd5 30. Bxd5 Qxd5 1/2-1/2

[Event "Bundesliga 9495"]
[Site "Deutschland"]
[Date "1994.??.??"]
[Round "?.3"]
[White "Christiansen, Larry Mark"]
[Black "Keitlinghaus, Ludger"]
[Result "1-0"]
[WhiteElo "2575"]
[BlackElo "2500"]
[PlyCount "77"]
[EventDate "1994.10.??"]
[EventType "team"]
[EventRounds "15"]
[EventCountry "GER"]
[SourceTitle "Bundesliga 9495"]
[Source "DeepChess"]
[SourceDate "2005.01.01"]
[SourceVersion "1"]
[SourceVersionDate "2005.01.01"]
[SourceQuality "1"]
[WhiteTeam "SG Porz e.V."]
[BlackTeam "SG Bochum 31"]
[WhiteTeamCountry "GER"]
[BlackTeamCountry "GER"]

1. c4 f5 2. g3 Nf6 3. Nf3 e6 4. Bg2 Be7 5. O-O O-O 6. d4 d5 7. Nbd2 Nc6 8. b3
Bd7 9. Bb2 Be8 10. a3 a5 11. Ne5 Nxe5 12. dxe5 Ne4 13. cxd5 exd5 14. Nxe4 dxe4
15. Qc2 Ra6 16. Rad1 Qc8 17. f3 exf3 18. Rxf3 Rc6 19. Rc3 Rxc3 20. Qxc3 c6 21.
Bd5+ Kh8 22. Bc4 Qc7 23. e3 h6 24. Rf1 c5 25. a4 Kh7 26. Bd3 g6 27. Bc4 Bc6 28.
Rd1 b6 29. Rd2 h5 30. h4 g5 31. hxg5 Bxg5 32. Qd3 h4 33. Qe2 Qg7 34. Rd6 Be8
35. Qf3 f4 36. exf4 Bxf4 37. Rf6 Bxg3 38. Bd3+ Kg8 39. Rxf8+ 1-0

[Event "Bundesliga 9495"]
[Site "Deutschland"]
[Date "1994.??.??"]
[Round "?.4"]
[White "Backwinkel, Paul"]
[Black "Hickl, Joerg"]
[Result "1-0"]
[WhiteElo "2410"]
[BlackElo "2535"]
[PlyCount "97"]
[EventDate "1994.10.??"]
[EventType "team"]
[EventRounds "15"]
[EventCountry "GER"]
[SourceTitle "Bundesliga 9495"]
[Source "DeepChess"]
[SourceDate "2005.01.01"]
[SourceVersion "1"]
[SourceVersionDate "2005.01.01"]
[SourceQuality "1"]
[WhiteTeam "SG Bochum 31"]
[BlackTeam "SG Porz e.V."]
[WhiteTeamCountry "GER"]
[BlackTeamCountry "GER"]

1. d4 d6 2. e4 Nf6 3. Nd2 g6 4. Ngf3 Bg7 5. c3 O-O 6. Qc2 Nc6 7. Bb5 Bd7 8.
Bxc6 Bxc6 9. O-O b6 10. b3 Bb7 11. Bb2 c5 12. d5 e5 13. dxe6 fxe6 14. Rae1 Nh5
15. c4 e5 16. Bc1 Bc8 17. Kh1 Nf4 18. Ng1 Qg5 19. g3 Ne6 20. Nb1 Qe7 21. Nc3
Nd4 22. Qd1 Rf7 23. Nd5 Qb7 24. Be3 Be6 25. Bxd4 cxd4 26. f4 Raf8 27. Nf3 Bg4
28. Qd3 h6 29. Nh4 Kh7 30. f5 gxf5 31. exf5 Bf6 32. Ng6 Qc8 33. Nxf8+ Qxf8 34.
Kg2 Rg7 35. b4 Bh5 36. a4 Be8 37. b5 Kh8 38. a5 bxa5 39. Ra1 Bd8 40. f6 Rg8 41.
Ne7 Bxe7 42. fxe7 Qxe7 43. Rxa5 Bg6 44. Qd2 Bh7 45. Qxh6 e4 46. Rfa1 e3 47.
Rxa7 Qe4+ 48. Kg1 Qg6 49. Qf4 1-0

[Event "Bundesliga 9495"]
[Site "Deutschland"]
[Date "1994.??.??"]
[Round "?.5"]
[White "Vaganian, Rafael A"]
[Black "Jackelen, Thomas"]
[Result "1-0"]
[WhiteElo "2645"]
[BlackElo "2415"]
[PlyCount "51"]
[EventDate "1994.10.??"]
[EventType "team"]
[EventRounds "15"]
[EventCountry "GER"]
[SourceTitle "Bundesliga 9495"]
[Source "DeepChess"]
[SourceDate "2005.01.01"]
[SourceVersion "1"]
[SourceVersionDate "2005.01.01"]
[SourceQuality "1"]
[WhiteTeam "SG Porz e.V."]
[BlackTeam "SG Bochum 31"]
[WhiteTeamCountry "GER"]
[BlackTeamCountry "GER"]

1. c4 g6 2. e4 Bg7 3. d4 d6 4. Nc3 Nf6 5. f3 O-O 6. Bg5 a6 7. Qd2 Nbd7 8. Nh3
c6 9. Bh6 b5 10. Bxg7 Kxg7 11. Nf2 e5 12. O-O-O Qe7 13. g4 Bb7 14. dxe5 Nxe5
15. g5 Nh5 16. cxb5 axb5 17. f4 Nc4 18. Bxc4 bxc4 19. f5 f6 20. Qxd6 Qxd6 21.
Rxd6 fxg5 22. Rd7+ Rf7 23. Rhd1 Nf6 24. Rxf7+ Kxf7 25. fxg6+ Kxg6 26. Rd6 1-0

[Event "Bundesliga 9495"]
[Site "Deutschland"]
[Date "1994.??.??"]
[Round "?.6"]
[White "Luecke, Norbert"]
[Black "Vogt, Lothar"]
[Result "1/2-1/2"]
[WhiteElo "2410"]
[BlackElo "2515"]
[PlyCount "64"]
[EventDate "1994.10.??"]
[EventType "team"]
[EventRounds "15"]
[EventCountry "GER"]
[SourceTitle "Bundesliga 9495"]
[Source "DeepChess"]
[SourceDate "2005.01.01"]
[SourceVersion "1"]
[SourceVersionDate "2005.01.01"]
[SourceQuality "1"]
[WhiteTeam "SG Bochum 31"]
[BlackTeam "SG Porz e.V."]
[WhiteTeamCountry "GER"]
[BlackTeamCountry "GER"]

1. d4 Nf6 2. Nf3 g6 3. c4 Bg7 4. Nc3 O-O 5. e4 d6 6. Be2 e5 7. dxe5 dxe5 8.
Qxd8 Rxd8 9. Bg5 Nbd7 10. O-O-O Rf8 11. Ne1 Nc5 12. f3 Ne6 13. Be3 c5 14. Nc2
Nd4 15. Rhe1 Be6 16. Bf1 Ne8 17. Nd5 Rd8 18. Kb1 Nd6 19. Nxd4 cxd4 20. Bd2 b6
21. Bb4 Bxd5 22. cxd5 Bh6 23. Re2 Rd7 24. Rc2 f5 25. Rc6 Rfd8 26. Bd3 fxe4 27.
fxe4 Bf8 28. Bxd6 Bxd6 29. Rf1 Rf7 30. Rxf7 Kxf7 31. Ba6 Ke7 32. Rc8 Rxc8
1/2-1/2

[Event "Bundesliga 9495"]
[Site "Deutschland"]
[Date "1994.??.??"]
[Round "?.7"]
[White "Brunner, Lucas"]
[Black "Sonntag, Hans Hubert"]
[Result "1/2-1/2"]
[WhiteElo "2525"]
[BlackElo "2430"]
[PlyCount "118"]
[EventDate "1994.10.??"]
[EventType "team"]
[EventRounds "15"]
[EventCountry "GER"]
[SourceTitle "Bundesliga 9495"]
[Source "DeepChess"]
[SourceDate "2005.01.01"]
[SourceVersion "1"]
[SourceVersionDate "2005.01.01"]
[SourceQuality "1"]
[WhiteTeam "SG Porz e.V."]
[BlackTeam "SG Bochum 31"]
[WhiteTeamCountry "GER"]
[BlackTeamCountry "GER"]

1. e4 e5 2. Nf3 Nc6 3. Bb5 a6 4. Ba4 Nf6 5. O-O Be7 6. Re1 b5 7. Bb3 d6 8. c3
O-O 9. h3 Bb7 10. d4 Re8 11. Nbd2 Bf8 12. Bc2 Nb8 13. a4 Nbd7 14. Bd3 c6 15. b3
Qc7 16. Bb2 g6 17. Qc2 Bg7 18. Bf1 Rad8 19. c4 bxc4 20. dxe5 Nxe5 21. Nxe5 cxb3
22. Nxb3 dxe5 23. Bc3 Rc8 24. Ba5 Qe7 25. Nc5 Bf8 26. Nxb7 Qxb7 27. Rab1 Qa7
28. Rb6 Nd7 29. Rxa6 Qc5 30. Bc3 Ra8 31. Ra1 Rxa6 32. Bxa6 Ra8 33. Bd3 Qd6 34.
a5 Qc7 35. Bc4 Bc5 36. Qd3 Kg7 37. Rd1 Ra7 38. Qf3 f6 39. a6 Qb6 40. Rd2 Bd4
41. Qd1 c5 42. Bf1 Nb8 43. Rb2 Qc7 44. Bxd4 exd4 45. Qb1 Nc6 46. Rb7 Rxb7 47.
Qxb7 Qxb7 48. axb7 Kf7 49. Bb5 Nb8 50. Kf1 Ke7 51. Ke2 Kd6 52. Kd3 Kc7 53. Kc4
Kb6 54. f4 d3 55. e5 fxe5 56. fxe5 d2 57. Ba4 Kxb7 58. Kxc5 Kc7 59. Kd4 Kd8
1/2-1/2

[Event "Bundesliga 9495"]
[Site "Deutschland"]
[Date "1994.??.??"]
[Round "?.8"]
[White "Kassebaum, Roman"]
[Black "Mainka, Romuald"]
[Result "1/2-1/2"]
[WhiteElo "2335"]
[BlackElo "2485"]
[PlyCount "125"]
[EventDate "1994.10.??"]
[EventType "team"]
[EventRounds "15"]
[EventCountry "GER"]
[SourceTitle "Bundesliga 9495"]
[Source "DeepChess"]
[SourceDate "2005.01.01"]
[SourceVersion "1"]
[SourceVersionDate "2005.01.01"]
[SourceQuality "1"]
[WhiteTeam "SG Bochum 31"]
[BlackTeam "SG Porz e.V."]
[WhiteTeamCountry "GER"]
[BlackTeamCountry "GER"]

1. e4 c5 2. Nc3 d6 3. Nge2 Nc6 4. g3 g6 5. d4 Bg4 6. d5 Nd4 7. Nxd4 Bxd1 8.
Bb5+ Qd7 9. Nxd1 cxd4 10. Bxd7+ Kxd7 11. c3 Bg7 12. cxd4 Bxd4 13. Be3 Bg7 14.
Nc3 f5 15. exf5 gxf5 16. Ke2 Nf6 17. Bd4 Rhc8 18. Kd3 Bh8 19. Rhe1 Ng4 20. f4
Bxd4 21. Kxd4 Nxh2 22. Rh1 Ng4 23. Rxh7 Nf6 24. Rf7 Rf8 25. Rxf8 Rxf8 26. Rh1
Rg8 27. Rh3 b5 28. a3 a6 29. Kd3 Rb8 30. Rh6 b4 31. axb4 Rxb4 32. Rh2 Ke8 33.
Re2 Kf7 34. Kc2 Rb7 35. Re1 Kg6 36. Ra1 Kh5 37. Rxa6 Kg4 38. Ne2 Nxd5 39. Ra3
Rc7+ 40. Kd2 Nf6 41. b4 Ne4+ 42. Kd1 Rb7 43. Rb3 Nc5 44. Rb1 Na6 45. b5 Nc7 46.
Nd4 e5 47. fxe5 dxe5 48. Nc6 e4 49. Nd4 Nd5 50. Rb3 Rc7 51. Nc2 Rb7 52. Ke1 Rb6
53. Kf2 Rb8 54. Ke1 Rb7 55. Kf2 Kg5 56. Ne3 Nb6 57. Ke2 Rc7 58. Ra3 Rc5 59. Rb3
Kf6 60. Rb1 Ke6 61. Rh1 Rxb5 62. Rh6+ Kf7 63. Nxf5 1/2-1/2

[Event "Bundesliga 9495"]
[Site "Deutschland"]
[Date "1995.??.??"]
[Round "?.1"]
[White "Gavrikov, Viktor"]
[Black "Dokhoian, Yury"]
[Result "1/2-1/2"]
[WhiteElo "2600"]
[BlackElo "2580"]
[PlyCount "23"]
[EventDate "1994.10.??"]
[EventType "team"]
[EventRounds "15"]
[EventCountry "GER"]
[SourceTitle "Bundesliga 9495"]
[Source "DeepChess"]
[SourceDate "2005.01.01"]
[SourceVersion "1"]
[SourceVersionDate "2005.01.01"]
[SourceQuality "1"]
[WhiteTeam "SK Zaehringen 1921"]
[BlackTeam "SG Bochum 31"]
[WhiteTeamCountry "GER"]
[BlackTeamCountry "GER"]

1. Nf3 Nf6 2. g3 d5 3. Bg2 c6 4. O-O Bg4 5. d4 e6 6. Nbd2 Nbd7 7. Re1 Be7 8. e4
O-O 9. c3 Bh5 10. h3 Bg6 11. exd5 cxd5 12. a4 1/2-1/2

[Event "Bundesliga 9495"]
[Site "Deutschland"]
[Date "1995.??.??"]
[Round "?.2"]
[White "Glek, Igor V"]
[Black "Rozentalis, Eduardas"]
[Result "1/2-1/2"]
[WhiteElo "2590"]
[BlackElo "2600"]
[PlyCount "61"]
[EventDate "1994.10.??"]
[EventType "team"]
[EventRounds "15"]
[EventCountry "GER"]
[SourceTitle "Bundesliga 9495"]
[Source "DeepChess"]
[SourceDate "2005.01.01"]
[SourceVersion "1"]
[SourceVersionDate "2005.01.01"]
[SourceQuality "1"]
[WhiteTeam "SG Bochum 31"]
[BlackTeam "SK Zaehringen 1921"]
[WhiteTeamCountry "GER"]
[BlackTeamCountry "GER"]

1. e4 e5 2. Nf3 Nf6 3. Nc3 Nc6 4. g3 d5 5. exd5 Nxd5 6. Bg2 Nxc3 7. bxc3 Bd6 8.
O-O O-O 9. Rb1 Rb8 10. d4 h6 11. Nd2 Bf5 12. Nc4 Qf6 13. Ne3 exd4 14. Nxf5 Qxf5
15. cxd4 Rfd8 16. Be3 Nb4 17. c3 Nd5 18. Bd2 c6 19. Re1 b5 20. Be4 Qf6 21. h4
b4 22. Bxd5 cxd5 23. cxb4 Qxd4 24. Be3 Qxd1 25. Rexd1 Rxb4 26. Rxb4 Bxb4 27.
Bxa7 Ra8 28. Be3 Rxa2 29. Rxd5 Ra5 30. Rd8+ Kh7 31. Kg2 1/2-1/2